Самообучение автономного робота с использованием метода компьютерного моделирования высокой детализации КМВД

Detalles Bibliográficos
Autor principal: Канарейкин А. В. Андрей Владимирович
Sumario:Автором книги разработан оригинальный метод компьютерного моделирования высокой детализации КМВД, который позволяет решать задачи моделирования динамических систем и механизмов любой сложности. С помощью этого метода построены работающие динамические модели механизмов, которые участвуют в управлении поведением автономного робота, а также схемотехнические решения, позволяющие ответить на вопросы самостоятельного обучения. Рассматриваются вопросы управления виртуальным роботом, распознавания образов, принятия решения, обучения и многие другие.Книга рассчитана на специалистов в области кибернетики, физиологии, робототехники, а также может быть полезна для школьников и студентов, которые интересуются компьютерным моделированием и обучением роботов.
Lenguaje:ruso
Publicado: Санкт-Петербург, Страта, 2019
Materias:
Formato: MixedMaterials Libro
KOHA link:https://koha.lib.tpu.ru/cgi-bin/koha/opac-detail.pl?biblionumber=345023

MARC

LEADER 00000nam0a2200000 4500
001 345023
005 20231102005727.0
010 |a 9785907127593 
035 |a (RuTPU)RU\TPU\book\376822 
090 |a 345023 
100 |a 20200707d2019 km y0rusy50 ca 
101 0 |a rus 
102 |a RU 
105 |a a z 001zy 
200 1 |a Самообучение автономного робота с использованием метода компьютерного моделирования высокой детализации КМВД  |f А. В. Канарейкин 
210 |a Санкт-Петербург  |c Страта  |d 2019 
215 |a 300 с.  |c ил. 
320 |a Библиогр.: с. 298 
330 |a Автором книги разработан оригинальный метод компьютерного моделирования высокой детализации КМВД, который позволяет решать задачи моделирования динамических систем и механизмов любой сложности. С помощью этого метода построены работающие динамические модели механизмов, которые участвуют в управлении поведением автономного робота, а также схемотехнические решения, позволяющие ответить на вопросы самостоятельного обучения. Рассматриваются вопросы управления виртуальным роботом, распознавания образов, принятия решения, обучения и многие другие.Книга рассчитана на специалистов в области кибернетики, физиологии, робототехники, а также может быть полезна для школьников и студентов, которые интересуются компьютерным моделированием и обучением роботов. 
606 1 |a Роботы  |x Информационные технологии  |2 stltpush  |3 (RuTPU)RU\TPU\subj\80275  |9 88021 
610 1 |a автономные роботы 
610 1 |a компьютерное моделирование 
610 1 |a динамические системы 
610 1 |a механизмы 
610 1 |a динамические модели 
610 1 |a самостоятельное обучение 
610 1 |a самообучение 
610 1 |a схемотехнические решения 
610 1 |a виртуальные роботы 
675 |a 004.896  |v 4 
700 1 |a Канарейкин  |b А. В.  |g Андрей Владимирович 
801 1 |a RU  |b 63413507  |c 20200707 
801 2 |a RU  |b 63413507  |c 20200910  |g RCR 
942 |c BK